Statistics for 30 Biggest Cities in Belgium

Click here to take the quiz!

General Stats

  • This quiz has been taken 317 times
  • The average score is 16 of 30

Answer Stats

LpAnswerPopulation% Correct
1.Antwerp510 610
99%
5.Brussels144 784
98%
2.Ghent233 120
96%
6.Bruges117 224
92%
4.Liège186 805
92%
3.Charleroi201 300
86%
7.Namur107 178
79%
16.Ostend68 931
76%
9.Leuven90 706
72%
10.Mechelen78 268
66%
18.Genk64 519
65%
8.Mons91 221
65%
13.Kortrijk73 657
63%
14.Hasselt70 035
61%
11.Aalst77 360
50%
15.Sint-Niklaas69 725
44%
17.Tournai67 534
41%
25.Turnhout39 791
35%
20.Roeselare55 755
34%
21.Verviers53 597
34%
12.La Louvière77 210
32%
27.Lokeren37 850
32%
26.Sint-Truiden38 247
32%
23.Dendermonde43 347
30%
22.Mouscron52 825
28%
28.Vilvoorde37 324
28%
19.Seraing60 740
25%
29.Waregem35 852
23%
30.Ninove35 651
19%
24.Beringen41 072
11%

Score Distribution

Percentile by Number Answered

Percent of People with Each Score

Your Score History

You have not taken this quiz